[Event "PRO League Group Stage"]
[Site "chess.com INT"]
[Date "2019.03.14"]
[Round "10"]
[White "Hemant, Sharma2"]
[Black "Quparadze, Giga"]
[Result "1/2-1/2"]
[WhiteTitle "IM"]
[BlackTitle "GM"]
[WhiteElo "2377"]
[BlackElo "2493"]
[WhiteTeam "Delhi Dynamite"]
[BlackTeam "Tbilisi Gentlemen"]
[WhiteFideId "5025842"]
[BlackFideId "13602250"]
[EventDate "2019.01.08"]

1. e4 c5 2. Nc3 e6 3. g3 Nc6 4. Bg2 Nf6 5. Nge2 d5 6. exd5 exd5 7. d4 Be7 8. O-O
cxd4 9. Nxd4 O-O 10. Bg5 Bg4 11. Qd2 h6 12. Bf4 Rc8 13. h3 Nxd4 14. Qxd4 Bc5 15.
Qd2 Be6 16. Rad1 d4 17. Na4 Qd7 18. Nxc5 Rxc5 19. Qxd4 Qxd4 20. Rxd4 Rxc2 21.
Rd2 Rxd2 22. Bxd2 b6 23. Bc3 Rd8 24. a3 Rd7 25. Re1 Nd5 26. Be5 Ne7 27. Bc3 Nd5
28. Be5 Nf6 29. g4 Rd2 30. Bc3 Rd8 31. Bxf6 gxf6 32. Bf3 Bc4 33. Rc1 Bb3 34. Rc3
Bd1 35. Kg2 Bxf3+ 36. Kxf3 Rd2 37. Ke3 Rxb2 38. f4 Kg7 39. Ke4 a5 40. h4 Rb5 41.
h5 Rb2 42. Kf5 Rd2 43. Rc6 Rd5+ 44. Ke4 Rb5 45. Rc3 Kf8 46. Rc8+ Kg7 47. Rc3 1/2-1/2

[Event "PRO League Group Stage"]
[Site "chess.com INT"]
[Date "2019.03.14"]
[Round "10"]
[White "Volkov, Nika"]
[Black "Manu, David Suthandram R"]
[Result "1-0"]
[WhiteElo "2153"]
[BlackElo "2252"]
[WhiteTeam "Tbilisi Gentlemen"]
[BlackTeam "Delhi Dynamite"]
[WhiteFideId "13604376"]
[BlackFideId "35019562"]
[EventDate "2019.01.08"]

1. d4 Nf6 2. c4 e6 3. Nc3 d5 4. Nf3 c5 5. cxd5 exd5 6. Bf4 Nc6 7. e3 cxd4 8.
Nxd4 Bb4 9. Be2 Ne4 10. Rc1 Qa5 11. Qb3 O-O 12. f3 Nc5 13. Qc2 Ne6 14. Nxe6 Bxe6
15. O-O d4 16. Nb5 Bd2 17. b4 Qxa2 18. Qxa2 Bxa2 19. Rc2 dxe3 20. Rxa2 a6 21.
Nd6 Nd4 22. Bd3 Rad8 23. Nxb7 Ne6 24. Nxd8 Nxf4 25. Bxa6 Rxd8 26. g3 Nd5 27.
Rfa1 Bc3 28. Rd1 Bf6 29. Bc4 Nb6 30. Rxd8+ Bxd8 31. Be2 Kf8 32. Ra7 Be7 33. b5
Bc5 34. Rc7 Na4 35. Kf1 Bb6 36. Rc6 Ba5 37. Ra6 1-0

[Event "PRO League Group Stage"]
[Site "chess.com INT"]
[Date "2019.03.14"]
[Round "10"]
[White "Ghosh, Diptayan"]
[Black "Andriasian, Zaven"]
[Result "1-0"]
[WhiteTitle "GM"]
[BlackTitle "GM"]
[WhiteElo "2544"]
[BlackElo "2604"]
[WhiteTeam "Mumbai Movers"]
[BlackTeam "Armenia Eagles"]
[WhiteFideId "5045207"]
[BlackFideId "13302000"]
[EventDate "2019.01.08"]

1. d4 d5 2. c4 c6 3. Nc3 Nf6 4. e3 e6 5. Nf3 Nbd7 6. Qc2 Bd6 7. Bd3 dxc4 8. Bxc4
O-O 9. O-O b5 10. Bd3 Bb7 11. e4 e5 12. h3 Re8 13. dxe5 Nxe5 14. Nxe5 Bxe5 15.
Be3 Qe7 16. Ne2 Bd6 17. Nd4 g6 18. Nxc6 Bxc6 19. Qxc6 a6 20. Rac1 Rec8 21. Qxc8+
Rxc8 22. Rxc8+ Kg7 23. Rc2 Nxe4 24. Re1 f5 25. Bxe4 fxe4 26. Rc6 h5 27. Rxa6 h4
28. Ra7 Bc7 29. Rc1 Qe5 30. Rcxc7+ Kf6 31. Rc6+ 1-0

[Event "PRO League Group Stage"]
[Site "chess.com INT"]
[Date "2019.03.14"]
[Round "10"]
[White "Martirosyan, Haik M."]
[Black "Puranik, Abhimanyu"]
[Result "1-0"]
[WhiteTitle "GM"]
[BlackTitle "GM"]
[WhiteElo "2607"]
[BlackElo "2536"]
[WhiteTeam "Armenia Eagles"]
[BlackTeam "Mumbai Movers"]
[WhiteFideId "13306553"]
[BlackFideId "5061245"]
[EventDate "2019.01.08"]

1. d4 Nf6 2. Bg5 d5 3. Nd2 c5 4. e3 Nc6 5. c3 e6 6. Bd3 Be7 7. f4 Qb6 8. Rb1 Bd7
9. Ngf3 Ng4 10. Bxe7 Nxe7 11. Qe2 a6 12. Ne5 Nxe5 13. fxe5 Bb5 14. O-O Bxd3 15.
Qxd3 O-O 16. Nf3 h6 17. g4 Qb5 18. Qc2 f6 19. a4 Qa5 20. exf6 Rxf6 21. Ne5 Qc7
22. Rxf6 gxf6 23. Nd3 cxd4 24. exd4 Kh8 25. Rf1 Rf8 26. Nf4 Qd7 27. Nh5 Ng8 28.
Qe2 Qf7 29. h3 Re8 30. a5 Qg6 31. Qf3 Qe4 32. Qxe4 dxe4 33. Nxf6 Nxf6 34. Rxf6
Kg7 35. Rf4 b6 36. axb6 Rb8 37. Rxe4 Rxb6 38. b4 Rc6 39. Re3 Kf6 40. Kf2 Rd6 41.
Re5 Rc6 42. Rc5 1-0

[Event "PRO League Group Stage"]
[Site "chess.com INT"]
[Date "2019.03.14"]
[Round "10"]
[White "Sadhwani, Raunak"]
[Black "Sargsyan, Shant"]
[Result "1/2-1/2"]
[WhiteTitle "IM"]
[BlackTitle "IM"]
[WhiteElo "2451"]
[BlackElo "2486"]
[WhiteTeam "Mumbai Movers"]
[BlackTeam "Armenia Eagles"]
[WhiteFideId "35093487"]
[BlackFideId "13306766"]
[EventDate "2019.01.08"]

1. e4 c6 2. d4 d5 3. e5 c5 4. Nf3 cxd4 5. Qxd4 e6 6. Bd3 Nc6 7. Qf4 h6 8. O-O
Nge7 9. h4 Nf5 10. h5 Be7 11. Bxf5 exf5 12. Qg3 Kf8 13. Nc3 Be6 14. Ne2 Rc8 15.
Ned4 Nxd4 16. Nxd4 Qd7 17. Be3 Bc5 18. Rfd1 Bxd4 19. Bxd4 b6 20. c3 Kg8 21. a4
Kh7 22. Qe3 Rc6 23. a5 Rb8 24. axb6 axb6 25. Ra3 b5 26. b4 Rcc8 27. Rda1 Qc6 1/2-1/2

[Event "PRO League Group Stage"]
[Site "chess.com INT"]
[Date "2019.03.14"]
[Round "10"]
[White "Manukian, Artak"]
[Black "Raja, Harshit"]
[Result "1/2-1/2"]
[BlackTitle "IM"]
[WhiteElo "2196"]
[BlackElo "2432"]
[WhiteTeam "Armenia Eagles"]
[BlackTeam "Mumbai Movers"]
[WhiteFideId "13301373"]
[BlackFideId "5089000"]
[EventDate "2019.01.08"]

1. e4 c5 2. Nf3 Nc6 3. c3 Nf6 4. e5 Nd5 5. d4 cxd4 6. cxd4 d6 7. Nc3 dxe5 8.
dxe5 Nxc3 9. Qxd8+ Nxd8 10. bxc3 e6 11. Nd4 a6 12. Be3 Bd7 13. Be2 Rc8 14. Kd2
Nc6 15. f4 Bc5 16. Nxc6 Bxe3+ 17. Kxe3 Bxc6 18. c4 Ke7 19. Rhg1 f6 20. exf6+
Kxf6 21. Rad1 Rhd8 22. g4 h6 23. h4 b5 24. g5+ hxg5 25. hxg5+ Ke7 26. Rxd8 1/2-1/2

[Event "PRO League Group Stage"]
[Site "chess.com INT"]
[Date "2019.03.14"]
[Round "10"]
[White "Sjugirov, Sanan"]
[Black "Ponkratov, Pavel"]
[Result "1/2-1/2"]
[WhiteTitle "GM"]
[BlackTitle "GM"]
[WhiteElo "2663"]
[BlackElo "2630"]
[WhiteTeam "Moscow Wizards"]
[BlackTeam "Moscow Phoenix"]
[WhiteFideId "4189302"]
[BlackFideId "4157800"]
[EventDate "2019.01.08"]

1. d4 e6 2. c4 b6 3. e4 Bb4+ 4. Bd2 Bxd2+ 5. Qxd2 Bb7 6. Nc3 Ne7 7. Nf3 f5 8.
Bd3 O-O 9. O-O-O Nbc6 10. Rhe1 fxe4 11. Bxe4 Na5 12. Bxb7 Nxb7 13. Ne5 Nd6 14.
f4 c6 15. g3 b5 16. c5 b4 17. cxd6 bxc3 18. Qxc3 Nd5 19. Qa3 a5 20. Kb1 Rb8 21.
Ka1 Rb7 22. Rc1 Qb6 23. Rc5 a4 24. Rec1 Rfb8 25. Nc4 Qa7 26. f5 exf5 27. Qf3 a3
28. b3 Rf8 29. Rxd5 cxd5 30. Qxd5+ Kh8 31. Ne5 g6 32. Kb1 Qa6 33. Nc4 Rb5 34.
Qf3 Qa8 35. Qxa8 Rxa8 36. Ne5 Ra7 37. Rc7 Rbb7 38. Rc8+ Kg7 39. Re8 Rb4 40. Nc4
g5 41. Kc2 Kf6 42. Kc3 Rb5 43. Rf8+ Kg7 44. Re8 h5 45. Ne5 Rbb7 46. Re7+ Kf6 47.
Rh7 f4 48. gxf4 gxf4 49. Rxh5 Ke6 50. Rh6+ Kf5 51. Rh7 Ke4 52. Re7 Kd5 53. Nc4
Rb8 54. Re5+ Kc6 55. Rc5+ Kb7 56. Rf5 Rh8 57. Rxf4 Rxh2 58. d5 Rxa2 59. Rf7 Ka6
60. Kb4 Rb7+ 61. Ka4 Ra1 62. Nxa3 Rd1 63. Nc4 Rxd5 64. Rf8 Ra7 65. Rb8 Rb7 66.
Ra8+ Ra7 67. Rb8 Rb7 68. Ra8+ Ra7 69. Rb8 Rb7 70. Ra8+ Ra7 1/2-1/2

[Event "PRO League Group Stage"]
[Site "chess.com INT"]
[Date "2019.03.14"]
[Round "10"]
[White "Kryakvin, Dmitry"]
[Black "Tsydypov, Zhamsaran"]
[Result "1-0"]
[WhiteTitle "GM"]
[BlackTitle "IM"]
[WhiteElo "2588"]
[BlackElo "2545"]
[WhiteTeam "Moscow Phoenix"]
[BlackTeam "Moscow Wizards"]
[WhiteFideId "4153278"]
[BlackFideId "4108566"]
[EventDate "2019.01.08"]

1. d4 Nf6 2. Bg5 d5 3. e3 Bf5 4. Bxf6 gxf6 5. Bd3 Bxd3 6. Qxd3 c6 7. Nf3 Na6 8.
O-O e6 9. a3 Qb6 10. Nc3 Bh6 11. b4 O-O 12. Na4 Qb5 13. Nb2 Rfe8 14. c4 Qb6 15.
Na4 Qd8 16. cxd5 cxd5 17. Nc5 Nxc5 18. bxc5 b6 19. Rfc1 bxc5 20. Rxc5 Bf8 21.
Rc3 Rc8 22. g3 Qa5 23. Rac1 Rxc3 24. Qxc3 Qb6 25. Ne1 Rb8 26. Nd3 Qb3 27. Nc5
Qxc3 28. Rxc3 Kg7 29. Kg2 Rb1 30. g4 Bd6 31. h3 Rb2 32. Kf3 Ra2 33. Rb3 Kg6 34.
a4 Bxc5 35. dxc5 Rxa4 36. Rc3 Rb4 37. c6 Rb8 38. Ra3 Rc8 39. Ra6 Rc7 40. Ke2 Kg5
41. Kd3 e5 42. Kc3 f5 43. gxf5 Kxf5 44. Kb4 d4 45. Kc5 d3 46. Kd6 Rc8 47. Kd7
Rg8 48. f3 Rg1 49. Ra2 e4 50. f4 Rc1 51. c7 Rc2 52. Rxc2 1-0

[Event "PRO League Group Stage"]
[Site "chess.com INT"]
[Date "2019.03.14"]
[Round "10"]
[White "Anisimov, Pavel2"]
[Black "Demidov, Mikhail"]
[Result "1-0"]
[WhiteTitle "IM"]
[BlackTitle "IM"]
[WhiteElo "2527"]
[BlackElo "2520"]
[WhiteTeam "Moscow Wizards"]
[BlackTeam "Moscow Phoenix"]
[WhiteFideId "4135229"]
[BlackFideId "4197143"]
[EventDate "2019.01.08"]

1. e4 e6 2. d4 d5 3. Nd2 Nc6 4. c3 e5 5. dxe5 dxe4 6. Bb5 Qd5 7. Qe2 Bf5 8. Nc4
a6 9. Bxc6+ Qxc6 10. Bf4 O-O-O 11. Ne3 Be6 12. h4 Bc5 13. Nh3 h6 14. Bg3 g5 15.
Rd1 Rxd1+ 16. Nxd1 Ne7 17. Ne3 Kb8 18. hxg5 hxg5 19. Rh2 Bxe3 20. Qxe3 Bxh3 21.
Rxh3 Rxh3 22. gxh3 Qg6 23. e6 fxe6 24. Qc5 Nd5 25. c4 Nf4 26. Qf8+ Ka7 27. Bxf4
gxf4 28. Qxf4 Qg1+ 29. Ke2 Qb1 30. Qe3+ b6 31. Qc3 Qh1 32. c5 b5 33. b4 Kb7 34.
a3 Qg2 35. Qg3 Qh1 36. Ke3 Qb1 37. Kf4 Kc6 38. Qc3 Qh1 39. Qe3 Kd5 40. Qb3+ Kd4
41. Qe3+ Kd5 42. Kg4 Qd1+ 43. Kg5 Qg1+ 44. Kf6 Qh2 45. Qd2+ Kc6 46. Qe3 Kd5 47.
Qd2+ Kc6 48. Qd4 Qf4+ 49. Kxe6 Qh6+ 50. Ke5 Qxh3 51. Qd5# 1-0

[Event "PRO League Group Stage"]
[Site "chess.com INT"]
[Date "2019.03.14"]
[Round "10"]
[White "Kuznetsov, Mikhail V."]
[Black "Skvortsov, Andrei"]
[Result "0-1"]
[WhiteTitle "FM"]
[WhiteElo "2292"]
[BlackElo "2128"]
[WhiteTeam "Moscow Phoenix"]
[BlackTeam "Moscow Wizards"]
[WhiteFideId "4194900"]
[BlackFideId "24108600"]
[EventDate "2019.01.08"]

1. d4 Nf6 2. Nf3 c5 3. d5 e6 4. c4 exd5 5. cxd5 Bd6 6. Nc3 Bc7 7. g3 d6 8. Bg2
O-O 9. O-O a6 10. a4 Re8 11. Nd2 Nbd7 12. h3 Rb8 13. Kh2 b5 14. axb5 axb5 15. e4
c4 16. f4 Nc5 17. Re1 Nd3 18. Re2 Bg4 19. Nf3 b4 20. Na4 Bd7 21. Nd4 Ra8 22. Nc6
Qc8 23. b3 Bxc6 24. dxc6 Nxc1 25. Rxc1 c3 26. Qd4 Qa6 27. Rce1 Rab8 28. e5 dxe5
29. fxe5 h6 30. Nc5 Qb5 31. Bf3 Red8 32. Qc4 Ne8 33. Qxb5 Rxb5 34. Nd7 Ra8 35.
Kg2 Ra3 36. e6 fxe6 37. Rxe6 Nd6 38. Rd1 Ra2+ 39. Kg1 c2 40. Rc1 Nf5 41. Re8+
Kf7 42. Rf8+ Ke7 43. Re1+ Kd6 44. Bg4 Bb6+ 0-1

[Event "PRO League Group Stage"]
[Site "chess.com INT"]
[Date "2019.03.14"]
[Round "10"]
[White "Oparin, Grigoriy"]
[Black "Vaibhav, Suri"]
[Result "1-0"]
[WhiteTitle "GM"]
[BlackTitle "GM"]
[WhiteElo "2613"]
[BlackElo "2590"]
[WhiteTeam "Volga Stormbringers"]
[BlackTeam "Delhi Dynamite"]
[WhiteFideId "24125890"]
[BlackFideId "5045185"]
[EventDate "2019.01.08"]

1. d4 Nf6 2. c4 e6 3. Nf3 d5 4. g3 Be7 5. Bg2 O-O 6. Nc3 dxc4 7. Ne5 Nc6 8. Bxc6
bxc6 9. Nxc6 Qe8 10. Nxe7+ Qxe7 11. Qa4 c5 12. dxc5 Qxc5 13. Be3 Qh5 14. f3 Bb7
15. O-O Nd5 16. Nxd5 Bxd5 17. Qa3 Rfd8 18. Rfd1 Qe5 19. Kf2 Qh5 20. h4 Qf5 21.
Qc3 h5 22. Rd2 f6 23. Rad1 Qh3 24. Rg1 a5 25. Bb6 Rdb8 26. Bd4 Qf5 27. Qe3 a4
28. a3 Rb7 29. Bc3 Rd8 30. Qf4 Rbd7 31. e4 Qxf4 32. gxf4 Bc6 33. Rxd7 Rxd7 34.
Bxf6 Rd2+ 35. Ke1 Rd7 36. Bc3 Rf7 37. Kf2 Kh7 38. Rg5 g6 39. Rc5 Bd7 40. Ke3 Kg8
41. Rxc4 Kf8 42. Rc5 Ke7 43. Rg5 1-0

[Event "PRO League Group Stage"]
[Site "chess.com INT"]
[Date "2019.03.14"]
[Round "10"]
[White "Nihal, Sarin"]
[Black "Frolyanov, Dmitry"]
[Result "1-0"]
[WhiteTitle "GM"]
[BlackTitle "GM"]
[WhiteElo "2578"]
[BlackElo "2517"]
[WhiteTeam "Delhi Dynamite"]
[BlackTeam "Volga Stormbringers"]
[WhiteFideId "25092340"]
[BlackFideId "4151976"]
[EventDate "2019.01.08"]

1. Nf3 d5 2. e3 g6 3. c4 c6 4. d4 Bg7 5. Nc3 Nf6 6. Bd3 O-O 7. O-O b6 8. h3 Bb7
9. b3 Nbd7 10. Bb2 c5 11. Qe2 cxd4 12. exd4 dxc4 13. bxc4 Nh5 14. Be4 Bxe4 15.
Nxe4 Rc8 16. Rac1 Ndf6 17. Nxf6+ Nxf6 18. d5 Re8 19. Rfd1 Qd6 20. Nd4 a6 21. Nc6
e6 22. Be5 Qd7 23. Qf3 exd5 24. cxd5 Nh5 25. Bh2 Bf8 26. g4 Ng7 27. d6 Ne6 28.
Ne5 Nd4 29. Nxd7 Nxf3+ 30. Kg2 Nh4+ 31. Kf1 Kg7 32. Rxc8 Rxc8 33. Nxf8 Nf3 34.
Bg3 Kxf8 35. d7 Rd8 36. Bd6+ 1-0

[Event "PRO League Group Stage"]
[Site "chess.com INT"]
[Date "2019.03.14"]
[Round "10"]
[White "Bazeev, German"]
[Black "Hemant, Sharma2"]
[Result "0-1"]
[BlackTitle "IM"]
[WhiteElo "2423"]
[BlackElo "2377"]
[WhiteTeam "Volga Stormbringers"]
[BlackTeam "Delhi Dynamite"]
[WhiteFideId "24119350"]
[BlackFideId "5025842"]
[EventDate "2019.01.08"]

1. d4 d5 2. Nf3 Nf6 3. c4 e6 4. g3 dxc4 5. Bg2 Nc6 6. Qa4 Bb4+ 7. Bd2 Nd5 8. Qb5
O-O 9. O-O Bxd2 10. Nbxd2 c3 11. bxc3 Nxc3 12. Qd3 Nxd4 13. Qc4 Ncxe2+ 14. Kh1
b5 15. Qc5 Bb7 16. Rad1 Qd5 17. Qa3 b4 18. Qe3 c5 19. h3 Nc3 20. Nb3 0-1

[Event "PRO League Group Stage"]
[Site "chess.com INT"]
[Date "2019.03.14"]
[Round "10"]
[White "Manu, David Suthandram R"]
[Black "Skatchkov, Valery"]
[Result "1-0"]
[BlackTitle "FM"]
[WhiteElo "2252"]
[BlackElo "2279"]
[WhiteTeam "Delhi Dynamite"]
[BlackTeam "Volga Stormbringers"]
[WhiteFideId "35019562"]
[BlackFideId "24195812"]
[EventDate "2019.01.08"]

1. e4 e5 2. Nf3 Nf6 3. d4 Nxe4 4. dxe5 d5 5. exd6 Nxd6 6. Bd3 Be7 7. O-O O-O 8.
h3 Nc6 9. Nc3 Be6 10. Re1 Re8 11. Bf4 h6 12. Qd2 Qd7 13. Rad1 Rad8 14. Bxh6 Bxh3
15. Bf4 Bg4 16. Be2 Qf5 17. Nd5 Ne4 18. Nxe7+ Rxe7 19. Qc1 Rde8 20. Bd3 Qc5 21.
Bxe4 Rxe4 22. Rxe4 Rxe4 23. c3 Bxf3 24. gxf3 Re6 25. Bg3 Qf5 26. Qf4 Qc2 27. Rd7
Rf6 28. Qe4 Qc1+ 29. Kg2 Re6 30. Qf5 Ne7 31. Rd8# 1-0

[Event "PRO League Group Stage"]
[Site "chess.com INT"]
[Date "2019.03.14"]
[Round "10"]
[White "Pantsulaia, Levan"]
[Black "Meshkovs, Nikita"]
[Result "1-0"]
[WhiteTitle "GM"]
[BlackTitle "GM"]
[WhiteElo "2597"]
[BlackElo "2557"]
[WhiteTeam "Tbilisi Gentlemen"]
[BlackTeam "Estonia Horses"]
[WhiteFideId "13602071"]
[BlackFideId "11602740"]
[EventDate "2019.01.08"]

1. Nf3 d5 2. g3 g6 3. c4 dxc4 4. Na3 Bg7 5. Nxc4 Nc6 6. Bg2 e5 7. d3 Nge7 8. O-O
O-O 9. Bd2 a5 10. Rc1 f6 11. a3 Be6 12. b4 axb4 13. axb4 Nd5 14. b5 Nd4 15. Nxd4
exd4 16. e4 dxe3 17. fxe3 Qd7 18. Qb3 Nb6 19. Rfd1 Rad8 20. Be1 Bh6 21. Bf2 Bd5
22. Nxb6 cxb6 23. Bxd5+ Qxd5 24. Qxd5+ Rxd5 25. Rb1 Rfd8 26. d4 f5 27. Rdc1 Kf7
28. Kg2 R5d7 29. Kf3 Ke6 30. h3 Kd5 31. Rb3 Bf8 32. Rbc3 Bd6 33. Rc8 Rxc8 34.
Rxc8 Bc7 35. g4 Rf7 36. gxf5 gxf5 37. Bg3 Bxg3 38. Kxg3 f4+ 39. exf4 Kxd4 40.
Kg4 Ke4 41. Re8+ Kd5 42. f5 Kc5 43. Re5+ Kd4 44. Re6 Kc5 45. f6 Kxb5 46. Kf5 Rf8
47. Re7 Kc6 48. f7 b5 49. Kf6 b4 50. Kg7 Rxf7+ 51. Rxf7 b5 52. Kxh7 Kc5 53. h4
b3 54. h5 b2 55. Rf1 Kc4 56. h6 Kd3 57. Kg6 Kc2 58. h7 b1=Q 59. Rxb1 Kxb1 60.
h8=Q 1-0

[Event "PRO League Group Stage"]
[Site "chess.com INT"]
[Date "2019.03.14"]
[Round "10"]
[White "Quparadze, Giga"]
[Black "Yakubboev, Nodirbek"]
[Result "0-1"]
[WhiteTitle "GM"]
[BlackTitle "IM"]
[WhiteElo "2493"]
[BlackElo "2569"]
[WhiteTeam "Tbilisi Gentlemen"]
[BlackTeam "Estonia Horses"]
[WhiteFideId "13602250"]
[BlackFideId "14203987"]
[EventDate "2019.01.08"]

1. e4 c5 2. Nf3 d6 3. d4 cxd4 4. Nxd4 Nf6 5. Nc3 a6 6. Be2 e5 7. Nb3 Be7 8. Be3
Be6 9. a4 Nc6 10. O-O O-O 11. Bf3 Rc8 12. a5 Bxb3 13. Bb6 Bxc2 14. Qxc2 Qd7 15.
Rfd1 Qe6 16. Qe2 Bd8 17. Be3 Nxa5 18. Nd5 Nxd5 19. Rxd5 Nc4 20. Rad1 Nxe3 21.
Qxe3 Rc6 22. h3 Bb6 23. Qb3 Qe7 24. R5d2 Rfc8 25. Kh2 g6 26. g3 h5 27. h4 Bd4
28. Bg2 Rb6 29. Qa2 Qf6 30. Bh3 Rcc6 31. Kg2 Rb4 32. Re1 Rcb6 33. Ree2 Rb3 34.
Kh2 Rf3 35. b4 Rxb4 36. Rc2 Rbb3 37. Bg2 Ra3 38. Qc4 Bxf2 39. Bxf3 Bxg3+ 40.
Kxg3 Qxf3+ 41. Kh2 Qg3+ 42. Kh1 Qxh4+ 43. Kg1 Ra1+ 44. Kg2 Qg4+ 45. Kf2 Qg1+ 46.
Kf3 Rf1+ 47. Rf2 Qg4+ 48. Ke3 Qg3+ 0-1

[Event "PRO League Group Stage"]
[Site "chess.com INT"]
[Date "2019.03.14"]
[Round "10"]
[White "Chukavin, Kirill"]
[Black "Volkov, Nika"]
[Result "1/2-1/2"]
[WhiteTitle "FM"]
[WhiteElo "2307"]
[BlackElo "2153"]
[WhiteTeam "Estonia Horses"]
[BlackTeam "Tbilisi Gentlemen"]
[WhiteFideId "4503023"]
[BlackFideId "13604376"]
[EventDate "2019.01.08"]

1. e4 e6 2. d4 d5 3. Nd2 c5 4. exd5 exd5 5. Ngf3 Nc6 6. Bb5 Nf6 7. O-O Be7 8.
dxc5 Bxc5 9. Nb3 Bb6 10. Nbd4 Bd7 11. Re1+ Ne4 12. Be3 O-O 13. Be2 Re8 14. c3
Be6 15. Nc2 Bc7 16. Qc1 Qf6 17. Ncd4 Bg4 18. Nd2 Bxe2 19. Nxe2 Ne5 20. Nxe4 dxe4
21. Bd4 Bb6 22. Qc2 Qg6 23. Ng3 Bxd4 24. cxd4 Nd3 25. Re3 f5 26. f3 Rad8 27.
fxe4 fxe4 28. Nxe4 Nf4 29. Qb3+ Kh8 30. Ng3 Rf8 31. Rae1 h5 32. Rf3 h4 33. Qe3
hxg3 34. Rxf4 gxh2+ 35. Kh1 Rxf4 36. Qxf4 Qh5 37. Qxh2 Qxh2+ 38. Kxh2 Rxd4 39.
Re7 Rb4 40. b3 a5 41. Re5 a4 42. bxa4 Rxa4 43. Rb5 Ra7 44. Kg3 Kh7 45. Rb6 g6
46. Kf3 Ra3+ 47. Kg4 Ra4+ 48. Kg5 Ra5+ 49. Kf6 Rxa2 50. Rxb7+ Kh6 51. g4 Rf2+
52. Ke5 Kg5 53. Rb4 Re2+ 54. Kd4 Rg2 55. Ke3 Rxg4 56. Rb5+ Kh4 57. Kf2 Ra4 58.
Rb8 g5 59. Kg2 Ra2+ 60. Kg1 g4 61. Rb3 Ra4 62. Rc3 Re4 63. Rb3 Kg5 64. Rc3 Kf4
65. Rb3 Ra4 66. Kg2 Ra2+ 67. Kg1 g3 68. Rb8 Ra1+ 69. Kg2 Ra2+ 70. Kg1 Ra1+ 71.
Kg2 Ra2+ 72. Kg1 Ra1+ 73. Kg2 Ra2+ 74. Kg1 Ra1+ 75. Kg2 1/2-1/2

[Event "PRO League Group Stage"]
[Site "chess.com INT"]
[Date "2019.03.14"]
[Round "10"]
[White "Ehlvest, Jaan"]
[Black "Paichadze, Luka"]
[Result "0-1"]
[WhiteTitle "GM"]
[BlackTitle "GM"]
[WhiteElo "2521"]
[BlackElo "2583"]
[WhiteTeam "Estonia Horses"]
[BlackTeam "Tbilisi Gentlemen"]
[WhiteFideId "4500016"]
[BlackFideId "13602934"]
[EventDate "2019.01.08"]

1. e4 c6 2. Nc3 d5 3. Nf3 g6 4. d4 Bg7 5. h3 Nh6 6. Bd3 f6 7. O-O O-O 8. Ne2 Nf7
9. c4 dxe4 10. Bxe4 f5 11. Bc2 e5 12. dxe5 Nxe5 13. Nxe5 Bxe5 14. Bh6 Re8 15.
Qc1 Na6 16. Rb1 Be6 17. Nf4 Bxc4 18. Re1 Bf7 19. Bb3 Qc7 20. Bxf7+ Qxf7 21. b4
Nc7 22. a4 Bd4 23. b5 cxb5 24. axb5 Nd5 25. Rd1 Nxf4 26. Qxf4 Be5 27. Qf3 Rac8
28. Rd3 Rc7 29. Rbd1 Rce7 30. g3 Bg7 31. Bxg7 Kxg7 32. Rd6 Re1+ 33. Rxe1 Rxe1+
34. Kg2 Qc4 35. Rd7+ Kf8 36. h4 Qf1+ 37. Kh2 Re2 38. Qa3+ Ke8 39. Rd8+ Kxd8 40.
Qf8+ Re8 0-1

[Event "PRO League Group Stage"]
[Site "chess.com INT"]
[Date "2019.03.14"]
[Round "10"]
[White "Meshkovs, Nikita"]
[Black "Andriasian, Zaven"]
[Result "1/2-1/2"]
[WhiteTitle "GM"]
[BlackTitle "GM"]
[WhiteElo "2557"]
[BlackElo "2604"]
[WhiteTeam "Estonia Horses"]
[BlackTeam "Armenia Eagles"]
[WhiteFideId "11602740"]
[BlackFideId "13302000"]
[EventDate "2019.01.08"]

1. Nf3 d5 2. g3 Bg4 3. Bg2 Nd7 4. h3 Bxf3 5. Bxf3 Ngf6 6. d4 e5 7. dxe5 Nxe5 8.
Bg2 Bc5 9. O-O O-O 10. Nd2 Re8 11. c4 dxc4 12. Bxb7 Rb8 13. Bg2 Qd6 14. Qc2 Qe6
15. b3 Bd4 16. Bb2 Bxb2 17. Qxb2 h5 18. Qc3 cxb3 19. axb3 Qb6 20. Ra5 Ng6 21. e3
Red8 22. Rfa1 Qb4 23. Qxb4 Rxb4 24. R1a2 Rd7 25. Rxa7 Ne5 26. Rc2 c5 27. Rxd7
Nfxd7 28. Bf1 h4 29. f4 Nc6 30. gxh4 Na5 31. Rc3 Kf8 32. Be2 Ke7 33. Bg4 Nf6 34.
Bf3 Nd7 35. h5 Rb6 36. Kf2 Rb4 37. Ke2 Nf6 38. Kd3 Nxb3 39. Rxb3 c4+ 40. Kc3
Rxb3+ 41. Nxb3 cxb3 42. Kxb3 Nd7 43. Kc4 Nf6 44. Bg4 Ne8 45. Kd4 Nd6 46. Kd5 Ne8
47. Ke5 Nd6 48. Be2 Ne8 49. Kf5 Nd6+ 50. Kg4 Ne4 51. Bf3 Nf6+ 52. Kf5 Ng8 53. e4
Nh6+ 54. Kg5 Ng8 55. e5 Kf8 56. Bd5 Ke7 57. Bb3 Kf8 58. e6 fxe6 59. Bxe6 Ne7 60.
h6 gxh6+ 61. Kxh6 Nc6 62. h4 Nd4 63. f5 Nxf5+ 64. Bxf5 Kg8 65. Bh7+ Kh8 66. h5 1/2-1/2

[Event "PRO League Group Stage"]
[Site "chess.com INT"]
[Date "2019.03.14"]
[Round "10"]
[White "Yakubboev, Nodirbek"]
[Black "Sargsyan, Shant"]
[Result "1-0"]
[WhiteTitle "IM"]
[BlackTitle "IM"]
[WhiteElo "2569"]
[BlackElo "2486"]
[WhiteTeam "Estonia Horses"]
[BlackTeam "Armenia Eagles"]
[WhiteFideId "14203987"]
[BlackFideId "13306766"]
[EventDate "2019.01.08"]

1. e4 e5 2. Nf3 Nc6 3. Bb5 a6 4. Ba4 Nf6 5. O-O Nxe4 6. d4 b5 7. Bb3 d5 8. dxe5
Be6 9. c3 Bc5 10. Nbd2 O-O 11. Bc2 Nxf2 12. Rxf2 f6 13. exf6 Bxf2+ 14. Kxf2 Qxf6
15. Kg1 Rae8 16. Kh1 Bg4 17. Bb3 Qf5 18. a4 Kh8 19. axb5 axb5 20. Bc2 Qh5 21.
Qf1 Ne5 22. Bd1 c5 23. b3 c4 24. Ba3 Rf6 25. bxc4 bxc4 26. Bc5 Nd3 27. Bd4 Rf7
28. Bc2 Nf4 29. Ba4 Ref8 30. Ne5 Rf5 31. Nxg4 Qxg4 32. Bd7 Ne6 33. Qe1 Rg5 34.
g3 Rg6 35. Ra6 Qh5 36. Rxe6 Rxe6 37. Bxe6 Qe8 38. Qe5 Rf6 39. Qxf6 1-0

[Event "PRO League Group Stage"]
[Site "chess.com INT"]
[Date "2019.03.14"]
[Round "10"]
[White "Manukian, Artak"]
[Black "Chukavin, Kirill"]
[Result "1-0"]
[BlackTitle "FM"]
[WhiteElo "2196"]
[BlackElo "2307"]
[WhiteTeam "Armenia Eagles"]
[BlackTeam "Estonia Horses"]
[WhiteFideId "13301373"]
[BlackFideId "4503023"]
[EventDate "2019.01.08"]

1. e4 c5 2. Nf3 e6 3. c3 d5 4. e5 d4 5. cxd4 cxd4 6. Bb5+ Bd7 7. Nxd4 Qg5 8. O-O
Qxe5 9. Qa4 Bc5 10. Bxd7+ Nxd7 11. Nf3 Qd6 12. d4 Bb6 13. Nc3 Nf6 14. b3 Qc6 15.
Qxc6 bxc6 16. Ba3 c5 17. Rac1 cxd4 18. Nb5 Ne4 19. Nfxd4 a6 20. Nc7+ Bxc7 21.
Rxc7 Nef6 22. Rfc1 Rd8 23. Nc6 Nd5 24. Nxd8 Nxc7 25. Nb7 1-0